Studi di egittologia e di papirologia

محفوظ في:

التنسيق: كتاب

اللغة: Undetermined

منشور في: Pisa 2004

الموضوعات:

الوسوم: إضافة وسم

لا توجد وسوم, كن أول من يضع وسما على هذه التسجيلة!

رقم الطلب: (J)(F)PJ1097 .S78

LEADER 00370nam a22001337a 4500
005 20251118131017.0
008 230909s9999||||xx |||||||||||||| ||und||
050 1 4 |a (J)(F)PJ1097  |b .S78 
245 1 0 |a Studi di egittologia e di papirologia  
264 1 |a Pisa  |c 2004 
300 |c 35cm 
650 4 |a Egyptian language_ Writing ,Hieroglyphic_ Periodicals  
942 |2 lcc  |c BK 
999 |c 54645  |d 54645